Największe i najmniejsze miasta w Polsce na każdą literę - Statystyki

Ogólne statystyki
  • Ten quiz został rozwiązany 51 razy
  • Średni wynik to 28 z 52
Statystyki odpowiedzi
Litera Ludność Województwo Miasto % Poprawnych
K 804,237 Małopolskie Kraków
97%
B 328,370 Kujawsko-Pomorskie Bydgoszcz
95%
S 390,278 Zachodniopomorskie Szczecin
95%
W 1,861,644 Mazowieckie Warszawa
95%
C 207,117 Śląskie Częstochowa
92%
E 113,195 Warmińsko-Mazurskie Elbląg
92%
G 486,492 Pomorskie Gdańsk
92%
Ł 655,279 Łódzkie Łódź
92%
L 330,447 Lubelskie Lublin
92%
O 167,844 Warmińsko-Mazurskie Olsztyn
92%
P 540,146 Wielkopolskie Poznań
92%
R 197,536 Podkarpackie Rzeszów
92%
A 29,108 Podlaskie Augustów
89%
D 114,148 Śląskie Dąbrowa Górnicza
89%
J 87,116 Śląskie Jaworzno
87%
T 195,263 Kujawsko-Pomorskie Toruń
87%
F 2,071 Warmińsko-Mazurskie Frombork
84%
Ż 61,793 Śląskie Żory
84%
I 67,745 Kujawsko-Pomorskie Inowrocław
82%
N 80,446 Małopolskie Nowy Sącz
82%
Ś 53,157 Dolnośląskie Świdnica
82%
H 19,056 Podlaskie Hajnówka
79%
E 59,942 Warmińsko-Mazurskie Ełk
76%
M 71,473 Śląskie Mysłowice
76%
Z 154,642 Śląskie Zabrze
76%
Ć 2,822 Świętokrzyskie Ćmielów
71%
Ć 2,822 Świętokrzyskie Ćmielów
71%
U 15,979 Śląskie Ustroń
58%
H 2,805 Pomorskie Hel
50%
A 2,316 Lubelskie Annopol
47%
F 1,339 Lubelskie Frampol
45%
I 829 Łódzkie Inowłódz
42%
O 313 Świętokrzyskie Opatowiec
37%
W 465 Świętokrzyskie Wiślica
32%
U 1,363 Podkarpackie Ulanów
26%
B 889 Lubuskie Brody
21%
D 806 Podkarpackie Dubiecko
18%
C 738 Mazowieckie Ciepielów
16%
G 779 Mazowieckie Gielniów
16%
J 812 Mazowieckie Józefów nad Wisłą
11%
K 397 Mazowieckie Kazanów
11%
L 1,332 Kujawsko-Pomorskie Lubień Kujawski
11%
Ż 1,074 Łódzkie Żarnów
11%
Ł 1,426 Świętokrzyskie Łopuszno
8%
N 899 Świętokrzyskie Nowy Korczyn
8%
R 1,347 Wielkopolskie Rychtal
8%
Ś 2,015 Dolnośląskie Świerzawa
8%
Z 1,571 Małopolskie Zakliczyn
8%
M 966 Mazowieckie Magnuszew
5%
P 907 Mazowieckie Przytyk
5%
T 873 Lubelskie Turobin
5%
S 928 Mazowieckie Sienno
3%
Nie znaleziono quizów pasujących do podanych kryteriów
Rozkład punktacji
Procent ludzi z każdym wynikiem
Percentyl według liczby udzielonych odpowiedzi
Twoja historia wyników
Nie rozwiązałeś tego quizu